[Event "Mexico City Revolucion op"]
[Site "Mexico City"]
[Date "2024.11.13"]
[Round "1"]
[White "Otero Acosta, Diasmany"]
[Black "Quiroz Frias, Alvaro"]
[Result "1-0"]
[WhiteElo "2359"]
[BlackElo "1923"]
[PlyCount "67"]
[EventDate "2024.11.13"]
[EventType "swiss"]
[EventRounds "9"]
[EventCountry "MEX"]
[SourceTitle "CB47_2024"]
[SourceDate "2024.11.20"]
[SourceVersion "1"]
[SourceVersionDate "2024.11.20"]
[SourceQuality "1"]

1. d4 Nf6 2. Nf3 g6 3. c4 Bg7 4. Nc3 d5 5. cxd5 Nxd5 6. e4 Nxc3 7. bxc3 c5 8. Be3 Qa5 9. Qd2 Nc6 10. Rc1 0-0 11. d5 Rd8 12. Bd3 Bg4 13. 0-0 Bxf3 14. gxf3 e6 15. dxc6 c4 16. Qb2 cxd3 17. Qxb7 Qh5 18. Kg2 Be5 19. h3 Qh4 20. Rfd1 Rab8 21. Qxa7 Rb2 22. Rd2 Rxd2 23. Bxd2 Bf4 24. Bxf4 Qxf4 25. Rd1 Qg5+ 26. Kf1 Qb5 27. c7 d2+ 28. Kg2 Qg5+ 29. Kh1 Rf8 30. Qb8 Qf4 31. Qxf8+ Kxf8 32. c8Q+ Kg7 33. Kg2 Qg5+ 34. Kf1 1-0